[Event "18th Charleroi Open-A 2019"]
[Site "Charleroi"]
[Date "2019.07.30"]
[Round "5.28"]
[White "Fischer, Julie"]
[Black "Van Haelst, Raymond"]
[Result "1-0"]
[WhiteElo "2050"]
[BlackElo "1947"]
[Annotator "NA"]
[PlyCount "57"]
[EventDate "2019.07.22"]
[EventType "swiss"]
[EventCountry "BEL"]
[SourceTitle "playchess.com"]
[Source "ChessBase"]
[SourceQuality "1"]
[TimeControl "40/5400+30:1800+30"]

1. e4 {[%emt 0:11:32]} e5 {[%emt 0:00:00]} 2. d4 {[%emt 0:00:28]} exd4 {[%emt 0:00:00]} 3. Qxd4 {[%emt 0:00:12]} Nc6 {[%emt 0:00:03]} 4. Qe3 {[%emt 0:00:05]} Nf6 {[%emt 0:00:26]} 5. h3 {[%emt 0:02:23]} Bb4+ {[%emt 1:32:01]} 6. c3 {[%emt 0:00:55]} Ba5 {[%emt 0:00:18]} 7. Bd3 {[%emt 0:06:41]} Qe7 {[%emt 0:04:06]} 8. Nf3 {[%emt 0:06:20]} Bb6 {[%emt 0:03:42]} 9. Qe2 {[%emt 0:02:01]} d6 {[%emt 0:07:36]} 10. Na3 {[%emt 0:01:36]} a6 {[%emt 0:09:36]} 11. Bg5 {[%emt 1:03:17]} h6 {[%emt 0:03:50]} 12. Bh4 {[%emt 0:03:45]} Ba7 {[%emt 0:02:32]} 13. Nc4 {[%emt 0:00:59]} g5 {[%emt 0:02:47]} 14. Bg3 {[%emt 0:00:04]} b5 {[%emt 0:14:41]} 15. Ncd2 {[%emt 0:00:06]} Nd7 {[%emt 0:01:47]} 16. h4 {[%emt 0:03:51]} g4 {[%emt 0:00:21]} 17. Nh2 {[%emt 0:00:17]} Nde5 {[%emt 0:01:17]} 18. Bc2 {[%emt 0:53:47]} h5 {[%emt 0:02:28]} 19. Nhf1 {[%emt 0:04:48]} Be6 {[%emt 0:02:12]} 20. Ne3 {[%emt 0:01:57]} Bxe3 {[%emt 0:01:06]} 21. Qxe3 {[%emt 0:00:22]} Nc4 {[%emt 0:00:47]} 22. Nxc4 {[%emt 0:00:19]} Bxc4 {[%emt 0:00:54]} 23. b3 {[%emt 0:01:09]} Be6 {[%emt 0:00:21]} 24. O-O {[%emt 0:04:15]} Ne5 {[%emt 0:02:49]} 25. a4 {[%emt 0:00:17]} bxa4 {[%emt 0:00:54]} 26. Rxa4 {[%emt 0:00:17]} Bd7 {[%emt 0:00:43]} 27. Ra5 {[%emt 0:00:40]} Bc6 {[%emt 0:05:02]} 28. Bxe5 {[%emt 0:02:20]} dxe5 {[%emt 0:00:26]} 29. Qc5 {[%emt 0:00:08]} 1-0

[Event "18th Charleroi Open-A 2019"]
[Site "Charleroi"]
[Date "2019.07.30"]
[Round "5.30"]
[White "Dierckens, Sarah"]
[Black "Zamparo, Sergio"]
[Result "1/2-1/2"]
[WhiteElo "1770"]
[BlackElo "2031"]
[Annotator "NA"]
[PlyCount "52"]
[EventDate "2019.07.22"]
[EventType "swiss"]
[EventCountry "BEL"]
[SourceTitle "playchess.com"]
[Source "ChessBase"]
[SourceQuality "1"]
[TimeControl "40/5400+30:1800+30"]

1. e4 {[%emt 0:05:27]} d6 {[%emt 0:00:19]} 2. d4 {[%emt 0:00:22]} Nf6 {[%emt 0:00:06]} 3. Nc3 {[%emt 0:00:22]} e5 {[%emt 0:00:52]} 4. dxe5 {[%emt 0:00:53]} dxe5 {[%emt 0:00:06]} 5. Qxd8+ {[%emt 0:00:04]} Kxd8 {[%emt 0:00:06]} 6. Nf3 {[%emt 0:00:12]} Bd6 {[%emt 0:00:33]} 7. Bc4 {[%emt 0:02:46]} Be6 {[%emt 0:00:09]} 8. Bxe6 {[%emt 0:00:09]} fxe6 {[%emt 0:00:05]} 9. h3 {[%emt 0:01:24]} Ke7 {[%emt 0:00:43]} 10. Be3 {[%emt 0:02:04]} Nc6 {[%emt 0:01:07]} 11. O-O-O {[%emt 0:00:19]} a6 {[%emt 0:00:32]} 12. Nd2 {[%emt 0:01:11]} b5 {[%emt 0:01:58]} 13. g4 {[%emt 0:02:36]} Na5 {[%emt 0:13:58]} 14. a3 {[%emt 0:01:50]} b4 {[%emt 0:01:46]} 15. axb4 {[%emt 0:02:32]} Bxb4 {[%emt 0:00:27]} 16. Na4 {[%emt 0:02:12]} Rhd8 {[%emt 0:07:01]} 17. c3 {[%emt 0:03:22]} Bd6 {[%emt 0:00:39]} 18. Nc5 {[%emt 0:00:59]} Kf7 {[%emt 0:09:01]} 19. Kc2 {[%emt 0:01:30]} Bxc5 {[%emt 0:11:38]} 20. Bxc5 {[%emt 0:00:06]} Nc6 {[%emt 0:00:28]} 21. g5 {[%emt 0:03:24]} Nh5 {[%emt 0:08:30]} 22. Nc4 {[%emt 0:02:28]} Ke8 {[%emt 0:12:24]} 23. Rxd8+ {[%emt 0:05:22]} Kxd8 {[%emt 0:00:26]} 24. Ra1 {[%emt 0:00:19]} Kc8 {[%emt 0:00:19]} 25. b4 {[%emt 0:01:11]} Kb7 {[%emt 0:01:00]} 26. Rd1 {[%emt 0:04:27]} Kc8 {[%emt 0:00:22]} 1/2-1/2

[Event "18th Charleroi Open-A 2019"]
[Site "Charleroi"]
[Date "2019.07.30"]
[Round "5.31"]
[White "Damlakhi, Mahmoud"]
[Black "Moerman, Thomas"]
[Result "0-1"]
[WhiteElo "2008"]
[BlackElo "1931"]
[Annotator "NA"]
[PlyCount "56"]
[EventDate "2019.07.22"]
[EventType "swiss"]
[EventCountry "BEL"]
[SourceTitle "playchess.com"]
[Source "ChessBase"]
[SourceQuality "1"]
[TimeControl "40/5400+30:1800+30"]

1. d4 {[%emt 0:01:23]} Nf6 {[%emt 0:00:00]} 2. Nf3 {[%emt 0:00:05]} d5 {[%emt 0:00:00]} 3. c4 {[%emt 0:00:04]} e6 {[%emt 0:01:40]} 4. Nc3 {[%emt 0:00:07]} dxc4 {[%emt 0:00:05]} 5. e4 {[%emt 0:00:05]} Bb4 {[%emt 0:00:11]} 6. Bxc4 {[%emt 0:00:51]} Nxe4 {[%emt 0:01:15]} 7. O-O {[%emt 0:00:08]} Nd6 {[%emt 0:02:46]} 8. Qa4+ {[%emt 0:13:57]} Nc6 {[%emt 0:01:25]} 9. d5 {[%emt 0:05:30]} exd5 {[%emt 0:10:38]} 10. Nxd5 {[%emt 0:25:20]} Nxc4 {[%emt 0:16:24]} 11. Nxb4 {[%emt 0:01:55]} Nb6 {[%emt 0:02:25]} 12. Qb5 {[%emt 0:16:46]} O-O {[%emt 0:22:18]} 13. Nxc6 {[%emt 0:01:42]} bxc6 {[%emt 0:00:58]} 14. Qxc6 {[%emt 0:00:05]} Qd5 {[%emt 0:11:44]} 15. Qxc7 {[%emt 0:07:20]} Ba6 {[%emt 0:05:23]} 16. Re1 {[%emt 0:01:10]} Rfc8 {[%emt 0:03:20]} 17. Qg3 {[%emt 0:02:25]} Rc6 {[%emt 0:02:51]} 18. Bd2 {[%emt 0:04:47]} Nc4 {[%emt 0:03:06]} 19. Bc3 {[%emt 0:00:50]} Rg6 {[%emt 0:00:09]} 20. Qf4 {[%emt 0:03:16]} Bb7 {[%emt 0:00:37]} 21. Kh1 {[%emt 0:01:00]} Rd8 {[%emt 0:02:40]} 22. b3 {[%emt 0:01:41]} Nb6 {[%emt 0:05:15]} 23. Qe5 {[%emt 0:03:33]} Qc6 {[%emt 0:01:19]} 24. h4 {[%emt 0:02:07]} Rxg2 {[%emt 0:01:55]} 25. Kxg2 {[%emt 0:01:32]} Qxf3+ {[%emt 0:00:06]} 26. Kf1 {[%emt 0:00:04]} Qh3+ {[%emt 0:00:11]} 27. Ke2 {[%emt 0:00:14]} Ba6+ {[%emt 0:00:03]} 28. Qb5 {[%emt 0:00:45]} Bxb5# {[%emt 0:00:08]} 0-1

[Event "18th Charleroi Open-A 2019"]
[Site "Charleroi"]
[Date "2019.07.30"]
[Round "5.32"]
[White "Lui, Eric"]
[Black "Guion, Geoffrey"]
[Result "0-1"]
[WhiteElo "1884"]
[BlackElo "2006"]
[Annotator "NA"]
[PlyCount "22"]
[EventDate "2019.07.22"]
[EventType "swiss"]
[EventCountry "BEL"]
[SourceTitle "playchess.com"]
[Source "ChessBase"]
[SourceQuality "1"]
[TimeControl "40/5400+30:1800+30"]

1. e4 {[%emt 0:00:00]} e6 {[%emt 0:00:00]} 2. d4 {[%emt 0:00:14]} d5 {[%emt 0:00:00]} 3. Nc3 {[%emt 0:02:06]} Nf6 {[%emt 0:00:00]} 4. e5 {[%emt 0:00:38]} Nfd7 {[%emt 0:00:00]} 5. f4 {[%emt 0:00:12]} c5 {[%emt 0:00:00]} 6. Nf3 {[%emt 0:00:29]} Nc6 {[%emt 0:00:07]} 7. Be3 {[%emt 0:00:21]} cxd4 {[%emt 0:00:06]} 8. Nxd4 {[%emt 0:00:49]} Bc5 {[%emt 0:00:08]} 9. Qd2 {[%emt 0:05:43]} a6 {[%emt 0:01:17]} 10. Bd3 {[%emt 0:01:26]} Bxd4 {[%emt 1:33:22]} 11. Bf1 Bc5 0-1

[Event "18th Charleroi Open-A 2019"]
[Site "Charleroi"]
[Date "2019.07.30"]
[Round "5.33"]
[White "Oupindrin, Narayanin"]
[Black "Denivet, Axel"]
[Result "1/2-1/2"]
[WhiteElo "2056"]
[BlackElo "1932"]
[Annotator "NA"]
[PlyCount "86"]
[EventDate "2019.07.22"]
[EventType "swiss"]
[EventCountry "BEL"]
[SourceTitle "playchess.com"]
[Source "ChessBase"]
[SourceQuality "1"]
[TimeControl "40/5400+30:1800+30"]

1. e4 {[%emt 0:00:00]} e5 {[%emt 0:00:00]} 2. Nf3 {[%emt 0:00:00]} Nc6 {[%emt 0:00:00]} 3. Bb5 {[%emt 0:00:02]} a6 {[%emt 0:00:09]} 4. Ba4 {[%emt 0:00:25]} Nf6 {[%emt 0:00:24]} 5. O-O {[%emt 0:00:22]} d6 {[%emt 0:02:00]} 6. d4 {[%emt 0:01:40]} b5 {[%emt 0:01:12]} 7. dxe5 {[%emt 0:01:01]} Nxe5 {[%emt 0:04:50]} 8. Nxe5 {[%emt 0:01:18]} bxa4 {[%emt 0:03:42]} 9. Nf3 {[%emt 0:01:30]} Be7 {[%emt 0:01:00]} 10. Nc3 {[%emt 0:02:01]} O-O {[%emt 0:01:04]} 11. e5 {[%emt 0:03:37]} Ng4 {[%emt 0:02:37]} 12. exd6 {[%emt 0:03:54]} Bxd6 {[%emt 0:00:42]} 13. Ne4 {[%emt 0:03:31]} Nxh2 {[%emt 0:09:24]} 14. Nxd6 {[%emt 0:03:59]} Nxf1 {[%emt 0:00:44]} 15. Kxf1 {[%emt 0:02:26]} cxd6 {[%emt 0:02:58]} 16. Bf4 {[%emt 0:00:13]} Qf6 {[%emt 0:06:33]} 17. Qd4 {[%emt 0:01:17]} Qxd4 {[%emt 0:01:47]} 18. Nxd4 {[%emt 0:00:07]} d5 {[%emt 0:02:59]} 19. Re1 {[%emt 0:01:15]} Bd7 {[%emt 0:04:19]} 20. Re7 {[%emt 0:00:57]} Bb5+ {[%emt 0:04:33]} 21. Kg1 {[%emt 0:01:17]} Rfe8 {[%emt 0:02:13]} 22. Rb7 {[%emt 0:00:45]} Re4 {[%emt 0:01:35]} 23. Be3 {[%emt 0:00:49]} Rae8 {[%emt 0:03:22]} 24. c3 {[%emt 0:03:15]} Bc4 {[%emt 0:10:09]} 25. a3 {[%emt 0:06:47]} g6 {[%emt 0:02:59]} 26. Nc6 {[%emt 0:02:33]} f5 {[%emt 0:03:55]} 27. Bd4 {[%emt 0:04:45]} R4e6 {[%emt 0:11:09]} 28. Rg7+ {[%emt 0:01:22]} Kf8 {[%emt 0:01:20]} 29. Rc7 {[%emt 0:00:44]} Bb5 {[%emt 0:02:06]} 30. Bc5+ {[%emt 0:00:50]} Kg8 {[%emt 0:01:24]} 31. Ne7+ {[%emt 0:01:22]} R8xe7 {[%emt 0:01:34]} 32. Rxe7 {[%emt 0:01:02]} Rxe7 {[%emt 0:00:35]} 33. Bxe7 {[%emt 0:00:08]} Kf7 {[%emt 0:00:14]} 34. Bc5 {[%emt 0:00:11]} Ke6 {[%emt 0:00:48]} 35. f4 {[%emt 0:00:16]} d4 {[%emt 0:01:26]} 36. cxd4 {[%emt 0:01:44]} Kd5 {[%emt 0:00:14]} 37. Kf2 {[%emt 0:00:17]} Kc4 {[%emt 0:01:14]} 38. Ke3 {[%emt 0:00:24]} Bc6 {[%emt 0:00:35]} 39. g3 {[%emt 0:00:49]} Bd5 {[%emt 0:01:28]} 40. Bb4 {[%emt 0:00:30]} Kb3 {[%emt 0:00:44]} 41. Bc3 {[%emt 0:30:20]} Kc2 {[%emt 0:31:02]} 42. Ke2 {[%emt 0:00:23]} Bc4+ {[%emt 0:05:58]} 43. Ke3 {[%emt 0:51:22]} Kd1 {[%emt 0:04:29]} 1/2-1/2

[Event "18th Charleroi Open-A 2019"]
[Site "Charleroi"]
[Date "2019.07.30"]
[Round "5.34"]
[White "Watelet, Sylvain"]
[Black "Verhalle, Elias"]
[Result "1/2-1/2"]
[WhiteElo "1961"]
[BlackElo "1983"]
[Annotator "NA"]
[PlyCount "41"]
[EventDate "2019.07.22"]
[EventType "swiss"]
[EventCountry "BEL"]
[SourceTitle "playchess.com"]
[Source "ChessBase"]
[SourceQuality "1"]
[TimeControl "40/5400+30:1800+30"]

1. d4 {[%emt 0:00:00]} Nf6 {[%emt 0:01:17]} 2. Nf3 {[%emt 0:00:02]} b6 {[%emt 0:00:18]} 3. Bf4 {[%emt 0:00:31]} Bb7 {[%emt 0:00:13]} 4. e3 {[%emt 0:00:19]} g6 {[%emt 0:00:06]} 5. c4 {[%emt 0:01:21]} Bg7 {[%emt 0:00:26]} 6. Nc3 {[%emt 0:00:25]} d6 {[%emt 0:00:58]} 7. h3 {[%emt 0:00:22]} Nbd7 {[%emt 0:00:58]} 8. Be2 {[%emt 0:02:42]} O-O {[%emt 0:00:40]} 9. O-O {[%emt 0:00:09]} Re8 {[%emt 0:07:21]} 10. Bh2 {[%emt 0:01:04]} e5 {[%emt 0:00:49]} 11. Rc1 {[%emt 0:13:00]} exd4 {[%emt 0:19:19]} 12. Nxd4 {[%emt 0:00:56]} Ne4 {[%emt 0:04:35]} 13. Nxe4 {[%emt 0:04:29]} Bxe4 {[%emt 0:00:15]} 14. Bf3 {[%emt 0:00:19]} Nf6 {[%emt 0:02:46]} 15. b4 {[%emt 0:05:19]} Bxf3 {[%emt 0:09:50]} 16. Qxf3 {[%emt 0:00:36]} Ne4 {[%emt 0:00:17]} 17. Rfd1 {[%emt 0:00:54]} Qd7 {[%emt 0:14:18]} 18. a3 {[%emt 0:14:52]} a5 {[%emt 0:08:29]} 19. b5 {[%emt 0:00:00]} Qe7 {[%emt 0:00:00]} 20. Rc2 {[%emt 0:00:00]} Rac8 {[%emt 0:01:00]} 21. Kh1 {[%emt 0:00:00]} 1/2-1/2

[Event "18th Charleroi Open-A 2019"]
[Site "Charleroi"]
[Date "2019.07.31"]
[Round "6.1"]
[White "Mirzoev, Azer"]
[Black "Lugovskoy, Maxim"]
[Result "1/2-1/2"]
[WhiteElo "2474"]
[BlackElo "2425"]
[Annotator "TA"]
[PlyCount "72"]
[EventDate "2019.07.22"]
[EventType "swiss"]
[EventCountry "BEL"]
[SourceTitle "playchess.com"]
[Source "ChessBase"]
[SourceQuality "1"]

{[%evp 9,72,16,16,0,8,13,7,15,10,14,54,48,61,51,40,64,66,64,54,51,62,62,84,97,79,87,83,86,93,72,100,104,84,83,109,83,117,114,105,82,83,63,81,71,137,91,99,55,69,13,13,13,13,13,13,0,0,0,0,0,0,0,0,0,0]} 1. d4 d5 2. Nf3 e6 3. c4 a6 4. e3 Nf6 5. Nbd2 $146 (5. Nc3 dxc4 6. Bxc4 b5 7. Be2 Bb7 8. O-O Nbd7 9. b3 c5 10. Bb2 Be7 11. Rc1 O-O 12. Qc2 Rc8 13. Qb1 Qb6 14. Rfd1 Rfd8 15. h3 h6 16. dxc5 Nxc5 17. Rxd8+ Rxd8 {0-1 (59) Mamedyarov,S (2817)-Carlsen,M (2835) St Petersburg 2018}) ({Predecessor:} 5. b3 c5 6. Bb2 Nc6 7. cxd5 exd5 {1-0 (41) Zubov,A (2606)-Thejkumar,M (2445) Abu Dhabi 2016}) 5... c5 6. cxd5 {D30: Queen's Gambit Declined: Systems without Nc3} exd5 7. b3 Nc6 8. Bb2 Bg4 9. Be2 Bxf3 10. Nxf3 cxd4 11. Nxd4 Bb4+ 12. Kf1 O-O 13. Nxc6 bxc6 14. g3 Qe7 15. Kg2 Ba3 {[#]} 16. Bxa3 $1 Qxa3 17. Qc2 Rfc8 18. Rhd1 a5 19. Rab1 h6 20. Bf3 Qe7 21. Rbc1 h5 22. h4 g6 23. Rd4 Nd7 24. Kg1 Ne5 25. Bg2 Qf6 26. Qc3 Qe6 (26... Rcb8 $142) 27. Rcd1 Qf6 {With the idea ...c5.} 28. Qd2 Rcb8 29. Rf4 (29. e4 $14) 29... Qe7 $11 {The position is equal.} 30. Qc3 Rb4 31. Rc1 Rab8 32. Rxb4 Rxb4 33. Rd1 Qf6 {[#] Threatens to win with ...Nf3+.} 34. Rc1 Qe7 35. Rd1 Qf6 {Strongly threatening ...Nf3+.} 36. Rc1 Qe7 {Accuracy: White = 79%, Black = 49%.} 1/2-1/2

[Event "18th Charleroi Open-A 2019"]
[Site "Charleroi"]
[Date "2019.07.31"]
[Round "6.2"]
[White "Miezis, Normunds"]
[Black "Gutenev, Alexander"]
[Result "1/2-1/2"]
[WhiteElo "2495"]
[BlackElo "2470"]
[Annotator "TA"]
[PlyCount "119"]
[EventDate "2019.07.22"]
[EventType "swiss"]
[EventCountry "BEL"]
[SourceTitle "playchess.com"]
[Source "ChessBase"]
[SourceQuality "1"]

{[%evp 14,119,36,27,42,28,36,23,19,18,20,11,53,56,62,54,55,54,56,58,101,100,96,83,83,83,110,69,73,62,86,25,35,27,36,0,0,0,0,0,0,0,0,-13,-13,-17,-20,-138,-135,-123,-129,-121,-122,-129,-120,-122,-112,-123,-111,-129,-109,-112,-120,-139,-154,-133,-24,-22,-25,-29,-22,-44,-17,-16,-12,-8,-8,-14,0,-24,-8,-8,-5,-18,-8,-8,-8,-16,-17,-25,-25,-41,-39,-52,-8,-8,-10,-26,-13,-29,-8,-8,-8,-8,-8,-17,0,0]} 1. c4 Nf6 2. Nc3 d5 3. cxd5 Nxd5 4. g3 g6 5. Bg2 Nxc3 6. bxc3 Bg7 7. h4 h6 8. Rb1 Nc6 {A16: English Opening: 1...Nf6 with ...d5} 9. Nf3 O-O 10. O-O Na5 {White has an edge.} (10... b6 11. d3 Bd7 12. Qc2 Na5 13. Bf4 c5 14. Ne5 Rc8 15. Nxd7 Qxd7 16. e4 {½-½ (28) Eljanov,P (2703)-Mikhalevski,V (2565) Porto Carras 2018}) 11. d3 b6 $146 ({Predecessor:} 11... c5 12. c4 Qc7 13. Rb5 Bg4 14. Bf4 e5 15. Bd2 Nc6 16. Rxc5 {1-0 (31) Diaz Hollemaert,N (2399)-Lujan,C (2263) Buenos Aires 2003}) 12. Bd2 Bb7 13. Qc1 $36 {[%mdl 2048] White is pushing.} Kh7 14. c4 {[%cal Bc3c4,Bc4c5][%mdl 32]} Nc6 15. Bc3 Qd6 16. c5 Qd7 17. Bxg7 Kxg7 18. Qc3+ f6 19. d4 Na5 20. Rbc1 Rad8 21. Rfd1 Bd5 22. a3 (22. h5 $16) 22... g5 23. hxg5 hxg5 24. cxb6 (24. Re1 $5 {[%cal Re2e4]}) 24... cxb6 25. Qc7 Qe6 26. e4 Bxe4 27. d5 Rxd5 (27... Bxd5 28. Nd4) 28. Re1 Rd7 29. Qc3 Qd5 {next ...Nb3 is good for Black.} 30. Nxg5 (30. Bh3 $11 Rd6 31. Nxg5 $1 {[%mdl 512]} Qxg5 32. Rxe4) 30... Bxg2 $17 31. Ne6+ {[#]} Kf7 $1 {Threatens to win with ...Rh8.} 32. Nf4 {[#] Hoping for Qc2.} Qb3 $1 33. Kxg2 {aiming for Qa1.} Qxc3 34. Rxc3 e5 35. Nd3 Rfd8 36. Nb4 Rd2 37. Rh1 Kg6 38. Rc7 R8d7 39. Rc8 Rb2 ({Black should play} 39... Nb7 $17 {Strongly threatening ...Nd6.} 40. Rg8+ Rg7 41. Rxg7+ Kxg7) 40. Rg8+ $1 $11 Rg7 41. Rxg7+ Kxg7 {[%mdl 4096] Endgame KRN-KRN} 42. Rc1 b5 {Black wants to play ...Nc4.} 43. Rc7+ Kg6 44. Rxa7 Nc4 45. Nd5 Rd2 46. Nc3 f5 47. Kg1 e4 48. g4 fxg4 49. Nxe4 Rd3 50. Kg2 Nxa3 51. Nc5 Rf3 52. Ra6+ Kf5 53. Rd6 Ke5 (53... Rc3 $5 {[%cal Rc3c5]} 54. Rd5+ Kf4 $15) 54. Rg6 Rc3 55. Rg5+ Kd4 56. Na6 Rc6 57. Rxg4+ {The position is equal.} Kc3 58. Rg3+ Kb2 59. Nb4 Rc3 60. f4 {Accuracy: White = 62%, Black = 61%.} 1/2-1/2

[Event "18th Charleroi Open-A 2019"]
[Site "Charleroi"]
[Date "2019.07.31"]
[Round "6.3"]
[White "De Waele, Warre"]
[Black "Maerevoet, Sim"]
[Result "1/2-1/2"]
[WhiteElo "2225"]
[BlackElo "2321"]
[Annotator "TA"]
[PlyCount "50"]
[EventDate "2019.07.22"]
[EventType "swiss"]
[EventCountry "BEL"]
[SourceTitle "playchess.com"]
[Source "ChessBase"]
[SourceQuality "1"]

{[%evp 11,50,0,15,3,6,10,0,0,5,0,33,37,39,35,38,31,43,31,29,33,35,8,57,54,52,42,62,0,49,0,170,98,140,153,150,24,72,0,123,0,42]} 1. d4 d5 2. Nf3 Nf6 3. g3 Bf5 4. Bg2 e6 5. c4 c6 6. Nc3 Nbd7 7. Qb3 {D11: Slav Defence: 3 Nf3 sidelines and 3...Nf6 4 e3 Bg4} Qb6 8. c5 Qxb3 9. axb3 a6 10. b4 Ne4 (10... Rc8 11. Bf4 h6 12. h4 Ne4 13. Nd2 Nxd2 14. Kxd2 Be7 {1-0 (68) Berkes,F (2678)-Lodici,L (2463) Brixen Bressanone 2019}) 11. Nh4 Nxc3 12. bxc3 Bc2 13. Ra2 $146 ({Predecessor:} 13. c4 Be7 14. cxd5 exd5 {1-0 (87) Arabidze,M (2298)-Mikadze,M (2351) Tbilisi 2010}) 13... Bb3 14. Ra3 Bc4 15. Nf3 Bb5 16. Nd2 e5 17. e4 exd4 $1 18. exd5 {[#] And now c4 would win.} dxc3 19. Rxc3 (19. Nb1 $14) 19... a5 20. Ra3 Nxc5 $2 (20... cxd5 $11 {and Black is okay.} 21. Bxd5 Ne5) 21. Re3+ (21. bxc5 $18 Bxc5 22. dxc6 Bxa3 23. cxb7 (23. Bxa3 bxc6 24. Kd1 O-O-O $11)) 21... Kd8 22. bxc5 Bxc5 23. Re5 (23. Ne4 $16 Bxe3 24. Bxe3 (24. fxe3 Kc7 $14)) 23... Bd6 {[#]} 24. Re3 (24. Re4 $142 $1) 24... Bc5 $1 $16 25. Re5 ({White should try} 25. Ne4 $16 Bxe3 26. Bxe3 (26. fxe3 Kd7 $14)) 25... Bd6 {Accuracy: White = 32%, Black = 51%.} 1/2-1/2

[Event "18th Charleroi Open-A 2019"]
[Site "Charleroi"]
[Date "2019.07.31"]
[Round "6.4"]
[White "Gurevich, Mikhail"]
[Black "De Villers, Mourad"]
[Result "1-0"]
[WhiteElo "2587"]
[BlackElo "2140"]
[Annotator "TA"]
[PlyCount "95"]
[EventDate "2019.07.22"]
[EventType "swiss"]
[EventCountry "BEL"]
[SourceTitle "playchess.com"]
[Source "ChessBase"]
[SourceQuality "1"]

{[%evp 26,95,14,8,41,33,56,51,50,47,40,37,84,66,59,70,64,62,71,33,80,35,71,76,85,39,213,118,123,115,118,118,107,116,110,122,117,22,22,20,26,25,174,190,394,389,396,399,394,395,351,378,361,329,1169,1112,959,945,1371,1404,1391,1251,1318,1286,1099,1155,2185,1972,2057,1897,29959,5612]} 1. d4 Nf6 2. c4 g6 3. Nc3 Bg7 4. e4 d6 5. Nf3 O-O 6. Be2 e5 7. O-O Nc6 8. d5 Ne7 9. Nd2 a5 10. Rb1 Bd7 11. b3 Ne8 12. a3 f5 13. b4 axb4 14. axb4 Kh8 {E97: King's Indian: Classical Main Line (6...e5 7 0-0 Nc6): 8 Be3 and 8 d5 Ne7, not 9 Ne1} (14... Nf6 15. c5 Bh6 16. Nc4 Bxc1 17. Qxc1 fxe4 18. cxd6 Nexd5 19. Nxd5 Nxd5 20. Nxe5 c6 21. b5 Be6 22. bxc6 bxc6 {½-½ (41) Dronov,A (2617)-Van Oosterom,J (2771) ICCF email 2007}) 15. c5 Bh6 16. Nc4 Bxc1 {White is slightly better.} 17. Rxc1 ({Much worse is} 17. Qxc1 fxe4 18. Qd2 Nf5 $11) 17... fxe4 $146 ({Predecessor:} 17... f4 18. f3 g5 19. Ra1 Rb8 20. Ra7 Nc8 21. Ra2 Nf6 22. Qa1 {1-0 (44) Maksimenko,A (2524)-Strelnikov,O (2390) Alushta 1999}) 18. Nxe4 Bb5 19. Ng5 Bd7 20. Qd2 Nxd5 {aiming for ...Nf4.} 21. Nxh7 Kxh7 22. Qxd5 {[%cal Rc5d6][%mdl 64] Double Attack} Bc6 23. Qd2 Rf4 24. cxd6 cxd6 25. Rc3 Qf6 $2 {[#]} (25... Bd7 $14) 26. Nb6 (26. b5 $1 $18 {[%mdl 512]} Bxb5 27. Nb6 {[%mdl 64] Discovered Attack} Bxe2 28. Qxe2) 26... Rd8 $16 27. b5 Be4 28. g3 Rf5 {...d5 would now be nice for Black.} 29. Bg4 $36 {[%mdl 2048] White is on the roll.} d5 30. Bxf5 gxf5 31. Rc8 (31. Na4 $1 $16) 31... Qxb6 $11 32. Rxd8 Qxd8 33. f3 Qb6+ (33... Nf6 $11 {and Black is okay.}) 34. Kg2 $18 Bxf3+ $2 (34... Qd6 {is a better defense.} 35. fxe4 dxe4 36. Qxd6 Nxd6) 35. Rxf3 {[%mdl 4096] Endgame KQR-KQN} Qe6 36. Qg5 Nd6 {[#] and the idea ...d4 leaves Black hopeful.} 37. g4 $1 {[%mdl 512] White threatens Rh3+ and mate.} Qg6 {[#]} (37... fxg4 38. Rf6) 38. Qe7+ $1 Nf7 39. Qh4+ ({Worse is} 39. Qxb7 Qxg4+ 40. Rg3 Qe2+ 41. Kh3 Qh5+ 42. Kg2 Qe2+ 43. Kh3 Qh5+ 44. Kg2 Qe2+ $11) 39... Qh6 $2 {[#]} (39... Kg7 40. Rxf5 d4) 40. Qxh6+ $1 Nxh6 {KR-KN} 41. g5 Ng4 42. h3 e4 43. Rc3 Ne5 44. Rc7+ Kg6 45. Rxb7 f4 46. Re7 f3+ 47. Kg3 Nd3 48. b6 {Accuracy: White = 71%, Black = 32%.} 1-0